All Dependent Territories of Australia - Statistics

General Stats
  • This quiz has been taken 196 times
  • The average score is 5 of 7
Answer Stats
Continent Dependent Territory % Correct
Asia Christmas Island
94%
Asia Cocos Islands
86%
Oceania Norfolk Island
80%
Antarctica Australian Antarctic Territory
68%
Antarctica Heard Island and McDonald Islands
56%
Oceania Coral Sea Islands
45%
Oceania Ashmore and Cartier Islands
43%
No matching quizzes found
Score Distribution
Percent of People with Each Score
Percentile by Number Answered
Your Score History
You have not taken this quiz